| 000 | 00667cam a2200217 a 4500 | ||
|---|---|---|---|
| 020 | _a0072402466 (acidfree paper) | ||
| 040 | _cDLC | ||
| 082 | 0 | 0 | _a550 MCG 2003 A031 Or. |
| 100 | 1 | _aPlummer, Charles C., | |
| 245 | 1 | 0 | _aPhysical geology / |
| 250 | _a9th ed. / | ||
| 260 |
_aBoston : _bMcGraw-Hill, _cc2003. |
||
| 300 |
_axviii, 574 p. : _bill. (some col.), col. maps ; 29 cm. |
||
| 500 | _aIncludes index. | ||
| 650 | 0 | _aPhysical geology. | |
| 700 | 1 | _aMcGeary, David. | |
| 700 | 1 | _aCarlson, Diane H. | |
| 856 | 4 | 2 | _uhttp://www.loc.gov/catdir/description/mh021/2001044741.html |
| 856 | 4 | 1 | _uhttp://www.loc.gov/catdir/toc/mh021/2001044741.html |
| 942 | _cEK | ||
| 999 |
_c11932 _d11932 |
||